LEADER 02595nam a2200445 i 4500 001 000000037958 003 CaOOAMICUS 005 20220601100054.0 008 101118s1984 it u000 u ita u 020 $a88-7023-099-6 040 $aSeMil$bita 100 1 $aMattavelli, Eustorgio,$d<1931-2008>.$0(OLS)http://semarc/name/15887 240 10$aProfili di preti ambrosiani del Novecento.$0(OLS)http://semarc/title/234766 245 10$aProfili di preti ambrosiani del Novecento :$bdell'Alta Brianza e del Lecchese /$cEustorgio Mattavelli. 260 $aMilano :$bNED,$c1984. 300 $a130 p. ;$c22 cm. 500 $aSul dorso: 2. 600 10$aScatti, Battista .$0(OLS)http://semarc/subject/51432 600 10$aBeretta, Attilio .$0(OLS)http://semarc/subject/51433 600 10$aCiceri, Mario .$0(OLS)http://semarc/subject/51434 600 10$aVerri, Luigi .$0(OLS)http://semarc/subject/51435 600 14$aMonza, Luigi .$0(OLS)http://semarc/subject/7178 600 10$aBonfanti, Mario .$0(OLS)http://semarc/subject/51437 600 10$aCanali, Davide .$0(OLS)http://semarc/subject/51438 600 10$aAllievi, Cristoforo .$0(OLS)http://semarc/subject/51439 600 10$aBeretta, Riccardo .$0(OLS)http://semarc/subject/51440 600 10$aGottifredi, Carlo .$0(OLS)http://semarc/subject/51441 600 14$aBeretta, Rinaldo .$0(OLS)http://semarc/subject/23909 600 10$aVerrini, Piero .$0(OLS)http://semarc/subject/51442 600 14$aPozzi, Arturo .$0(OLS)http://semarc/subject/18281 600 14$aBrambilla, Luciano .$0(OLS)http://semarc/subject/12334 600 10$aLuraschi, Lino .$0(OLS)http://semarc/subject/51443 650 4$aMilano (Arcidiocesi) - Clero - Biografie.$0(OLS)http://semarc/subject/5691 850 $aSeMil 852 $aSeMil$W1$xVenegono$y1$m3J I 241$j4113$B4113$CSeMilBibl$Z2$F4113 $81 852 $aSeMil$W1$xVenegono$y1$mSL1.G VII 14$j231006$B240063$CSeMilBibl$Z2$F240063 $8I 996 $6020$a88-7023-099-6$9(OLS)http://semarc/number/7087 996 $6245$aProfili di preti ambrosiani del Novecento :$bdell'Alta Brianza e del Lecchese$9(OLS)http://semarc/title/53377 996 $6260$aMilano :$bNED$9(OLS)http://semarc/publisher/30187 LEADER 01127nam a2200289 i 4500 001 000000185571 003 CaOOAMICUS 005 20220714102129.0 008 130624s2004 it u000 u ita u 013 $a163585 020 $a88-07-81790-X 040 $aSeMil$bita 100 1 $aRigliano, Paolo,$d<1958- >.$0(OLS)http://semarc/name/54732 245 10$aPiaceri drogati :$bpsicologia del consumo di droghe /$cPaolo Rigliano. 260 $aMilano :$bFeltrinelli,$c2004. 300 $a179 p. ;$c20 cm. 490 0 $aUniversale economica ;$v1790 500 $aFondo card. C. M. Martini. 830 0$aUniversale economica ;$v1790.$0(OLS)http://semarc/title/11224 850 $aSeMil 852 $aSeMil$W1$xVenegono$y1$m2O I 81$j136262$B136262$CSeMilBibl$Z2$F147791 $81 941 1 $a4 961 $aLascito: Martini Card. Carlo Maria 996 $6020$a88-07-81790-X$9(OLS)http://semarc/number/175723 996 $6245$aPiaceri drogati :$bpsicologia del consumo di droghe$9(OLS)http://semarc/title/266711 996 $6260$aMilano :$bFeltrinelli$9(OLS)http://semarc/publisher/30237